La cultura de la violencia /

Saved in:
Bibliographic Details
Main Author: Romero C., Paulino
Format: Text
Tags: Add Tag
No Tags, Be the first to tag this record!

MARC

LEADER 00000 a a2200000 04500
001 9435
003
040
100 |a Romero C., Paulino  
245 |a La cultura de la violencia /  |c Paulino Romero C. 
773 |g número 476 -477; páginas 103-108  
999 |c 24269  |d 24269